[Event "aut_chT04"]
[Site "Fuerstenfeld"]
[Date "2004.11.20"]
[Round "2"]
[Board "6"]
[White "Fusi, Christoph"]
[Black "Wach, Markus"]
[Result "1-0"]
[WhiteElo "2219"]
[BlackElo "2369"]
[PlyCount "113"]

1.e4 e6 2.d4 d5 3.Nc3 Nf6 4.e5 Nfd7 5.f4 c5 6.Nf3 Nc6 7.Be3 a6 8.Qd2 cxd4 9.Nxd4
Bc5 10.O-O-O Bxd4 11.Bxd4 b5 12.Kb1 O-O 13.Qe3 b4 14.Na4 Nxd4 15.Qxd4 Qa5 16.b3
Bb7 17.Bd3 Bc6 18.Nb2 Qc5 19.Be2 a5 20.Bf3 Rfc8 21.Qxc5 Nxc5 22.Rd4 Bb5 23.Rc1
Na6 24.c4 bxc3 25.Nd1 c2+ 26.Rxc2 Rxc2 27.Kxc2 Nb4+ 28.Kb2 Nd3+ 29.Kc2 Ne1+
30.Kd2 Nxf3+ 31.gxf3 g6 32.Nc3 Bc6 33.Ne2 Kg7 34.Rd3 Bb5 35.Rc3 Bxe2 36.Kxe2 Ra7
37.Rc8 Rb7 38.Ra8 Rb5 39.Kd3 Rc5 40.a4 Rc1 41.Rxa5 Rh1 42.Rc5 Rxh2 43.a5 Ra2
44.b4 h5 45.Rc1 Ra3+ 46.Kd4 Kh6 47.Kc5 g5 48.fxg5+ Kxg5 49.Kb6 d4 50.a6 Kf4
51.b5 d3 52.Ka7 d2 53.Rd1 Ke3 54.b6 Ke2 55.Rxd2+ Kxd2 56.b7 Rb3 57.b8=Q

[Event "aut_chT04"]
[Site "Fuerstenfeld"]
[Date "2004.11.20"]
[Round "2"]
[Board "1"]
[White "Schlosser, Philipp"]
[Black "Ruck, Robert"]
[Result "1/2-1/2"]
[WhiteElo "2570"]
[BlackElo "2554"]
[PlyCount "61"]

1.Nf3 Nf6 2.c4 g6 3.Nc3 d5 4.cxd5 Nxd5 5.e4 Nxc3 6.dxc3 Qxd1+ 7.Kxd1 f6 8.Be3 e5
9.Nd2 Nd7 10.Nb3 Nb6 11.Kc2 Be6 12.Nc5 Bxc5 13.Bxc5 Nc4 14.Rd1 Rd8 15.Rxd8+ Kxd8
16.Be2 Kd7 17.Rd1+ Nd6 18.f3 Rd8 19.b3 b6 20.Be3 Ke7 21.h4 Nf7 22.Ra1 Nd6 23.g4
Rh8 24.Re1 h6 25.Bd3 g5 26.Rh1 Rd8 27.Ba6 Bc8 28.Bxc8 Rxc8 29.hxg5 hxg5 30.Rh7+
Nf7 31.b4

[Event "aut_chT04"]
[Site "Fuerstenfeld"]
[Date "2004.11.20"]
[Round "2"]
[Board "5"]
[White "Schwarz, Michael"]
[Black "Fauland, Alexander"]
[Result "1/2-1/2"]
[WhiteElo "2408"]
[BlackElo "2414"]
[PlyCount "42"]

1.c4 e6 2.g3 Nf6 3.Bg2 Be7 4.Nf3 b6 5.Ne5 c6 6.O-O Qc7 7.d4 d6 8.Nf3 O-O 9.Nc3
Ba6 10.Qa4 b5 11.cxb5 cxb5 12.Nxb5 Qd7 13.Nc3 Qxa4 14.Nxa4 Bxe2 15.Re1 Bb5
16.Nc3 Bc6 17.Bd2 Nbd7 18.Rac1 Rab8 19.Rc2 Nb6 20.b3 Rfc8 21.Rec1 Kf8

[Event "aut_chT04"]
[Site "Fuerstenfeld"]
[Date "2004.11.20"]
[Round "2"]
[Board "6"]
[White "Bawart, Markus"]
[Black "Kleissl, Helmut"]
[Result "1/2-1/2"]
[WhiteElo "2355"]
[BlackElo "2334"]
[PlyCount "23"]

1.Nf3 d6 2.d4 Bg4 3.Nbd2 Nf6 4.h3 Bh5 5.e4 e6 6.Bd3 c6 7.O-O Be7 8.Qe2 d5 9.e5
Nfd7 10.c4 dxc4 11.Nxc4 Nb6 12.Be3

[Event "aut_chT04"]
[Site "Fuerstenfeld"]
[Date "2004.11.20"]
[Round "2"]
[Board "1"]
[White "Bischoff, Klaus"]
[Black "Kindermann, Stefan"]
[Result "1/2-1/2"]
[WhiteElo "2555"]
[BlackElo "2536"]
[PlyCount "39"]

1.d4 f5 2.g3 Nf6 3.Bg2 e6 4.c4 d5 5.Nh3 c6 6.Qc2 Bd6 7.O-O O-O 8.Nd2 b6 9.Nf3
Qe7 10.Bf4 Bb7 11.Rac1 Ne4 12.Rfd1 Nd7 13.Bxd6 Nxd6 14.cxd5 exd5 15.Nf4 a5 16.e3
Rac8 17.b3 Ne4 18.Qb2 Ndf6 19.Ne5 Rc7 20.h4

[Event "aut_chT04"]
[Site "Fuerstenfeld"]
[Date "2004.11.20"]
[Round "2"]
[Board "2"]
[White "Kosten, Anthony C."]
[Black "Prusikin, Michael"]
[Result "1/2-1/2"]
[WhiteElo "2527"]
[BlackElo "2540"]
[PlyCount "32"]

1.c4 e6 2.Nf3 Nf6 3.Nc3 d5 4.e3 c5 5.d4 dxc4 6.Bxc4 a6 7.a4 Nc6 8.O-O Be7 9.Qe2
O-O 10.Rd1 Qc7 11.Bd2 b6 12.Rac1 Bb7 13.Be1 Rfd8 14.d5 exd5 15.Nxd5 Nxd5 16.Bxd5
Bf6

[Event "aut_chT04"]
[Site "Fuerstenfeld"]
[Date "2004.11.20"]
[Round "2"]
[Board "6"]
[White "Dohr, Alexander"]
[Black "Petschar, Kurt"]
[Result "0-1"]
[WhiteElo "2150"]
[BlackElo "2271"]
[PlyCount "138"]

1.e4 c5 2.Nf3 Nc6 3.d4 cxd4 4.Nxd4 e5 5.Nb3 Nf6 6.Nc3 Bb4 7.Bd3 d5 8.exd5 Nxd5
9.Bd2 Nxc3 10.bxc3 Be7 11.O-O O-O 12.Qe2 f5 13.f3 Qc7 14.Kh1 Bd7 15.Rab1 Rae8
16.Bc4+ Kh8 17.Bd5 Bd6 18.Qc4 b6 19.Qh4 Ne7 20.c4 Nxd5 21.cxd5 Qxc2 22.Bb4 Bxb4
23.Qxb4 Qxa2 24.Ra1 Qe2 25.Rfe1 Qb5 26.Qxb5 Bxb5 27.Rxa7 Bc4 28.Nd2 Bxd5 29.Rd7
Rd8 30.Re7 Rfe8 31.Rxe8+ Rxe8 32.Rb1 Re6 33.Rb5 Rd6 34.Kg1 Kg8 35.Kf2 Kf7 36.g4
Bc6 37.Nc4 Rd2+ 38.Nxd2 Bxb5 39.gxf5 Ke7 40.Ke3 Kd6 41.Ne4+ Ke7 42.f4 exf4+
43.Kxf4 Bc6 44.Nf2 b5 45.Ke5 b4 46.Nd3 b3 47.h4 Bb5 48.Nb2 Kf7 49.Nd1 Bd3 50.Nb2
Bc2 51.Nc4 Ke7 52.Nb2 Kd7 53.Nc4 Kc6 54.Kd4 Kb5 55.Kc3 Kc5 56.Ne3 h6 57.f6 gxf6
58.Ng4 f5 59.Nxh6 f4 60.Ng4 Kd5 61.h5 Ke6 62.h6 Kf7 63.Ne5+ Kg8 64.Nf3 Kh7
65.Nd4 Kxh6 66.Nxc2 Kg5 67.Kd2 Kg4 68.Ke2 Kg3 69.Kf1 Kf3

[Event "aut_chT04"]
[Site "Fuerstenfeld"]
[Date "2004.11.20"]
[Round "2"]
[Board "1"]
[White "Rabiega, Robert"]
[Black "Shchekachev, Andrei"]
[Result "1/2-1/2"]
[WhiteElo "2539"]
[BlackElo "2559"]
[PlyCount "47"]

1.e4 c5 2.c3 d5 3.exd5 Qxd5 4.d4 Nf6 5.Nf3 e6 6.Be3 cxd4 7.cxd4 Bb4+ 8.Nc3 O-O
9.Be2 Bd7 10.O-O Bxc3 11.bxc3 Bb5 12.Rb1 Bxe2 13.Qxe2 b6 14.c4 Qe4 15.Rfd1 Nbd7
16.Ng5 Qb7 17.Bf4 Rac8 18.Rb3 Qc6 19.Rc1 Rfe8 20.h3 Nf8 21.Be5 N8d7 22.Bf4 Nf8
23.Be5 N8d7 24.Bf4

[Event "aut_chT04"]
[Site "Fuerstenfeld"]
[Date "2004.11.20"]
[Round "2"]
[Board "3"]
[White "Sakelsek, Tadej"]
[Black "Zelcic, Robert"]
[Result "0-1"]
[WhiteElo "2401"]
[BlackElo "2514"]
[PlyCount "96"]

1.e4 c6 2.d4 d5 3.Nc3 dxe4 4.Nxe4 Bf5 5.Ng3 Bg6 6.h4 h6 7.Nf3 e6 8.Ne5 Bh7 9.Bd3
Bxd3 10.Qxd3 Nd7 11.f4 Ngf6 12.Bd2 Be7 13.O-O-O c5 14.Bc3 O-O 15.Nxd7 Qxd7
16.dxc5 Qa4 17.Kb1 Qxf4 18.Rdf1 Qg4 19.Bxf6 Bxf6 20.Qf3 Qxf3 21.Rxf3 Rfd8 22.Rd3
Be7 23.b4 a5 24.Rxd8+ Rxd8 25.a3 axb4 26.axb4 Rd4 27.c3 Rd3 28.Ne2 Re3 29.Nd4
Rxc3 30.Rc1 Rd3 31.Rc4 Bf6 32.Nf3 Ra3 33.Kc1 Kf8 34.b5 Ke8 35.Nd2 Kd7 36.Ne4 Be7
37.Nc3 Ra5 38.g3 Bf6 39.c6+ bxc6 40.bxc6+ Kc7 41.Ne4 Be7 42.Kd2 f5 43.Nc3 h5
44.Ne2 e5 45.Nc3 Bc5 46.Ke2 Kxc6 47.Ra4 Rxa4 48.Nxa4 Bd4

[Event "aut_chT04"]
[Site "Fuerstenfeld"]
[Date "2004.11.20"]
[Round "2"]
[Board "4"]
[White "Lendwai, Reinhard"]
[Black "Kotz, Heinz Peter"]
[Result "1/2-1/2"]
[WhiteElo "2412"]
[BlackElo "2347"]
[PlyCount "30"]

1.e4 e5 2.Bc4 Nf6 3.d3 Nc6 4.Nf3 Bc5 5.O-O d6 6.c3 a6 7.Bb3 Ba7 8.Nbd2 O-O 9.h3
Kh8 10.Nc4 Ng8 11.d4 f5 12.exf5 exd4 13.Bg5 Nf6 14.Nxd4 Nxd4 15.cxd4 Bxf5

[Event "aut_chT04"]
[Site "Fuerstenfeld"]
[Date "2004.11.20"]
[Round "2"]
[Board "5"]
[White "Fahrner, Kurt"]
[Black "Danner, Georg"]
[Result "1-0"]
[WhiteElo "2339"]
[BlackElo "2435"]
[PlyCount "41"]

1.Nf3 f5 2.e4 fxe4 3.Ng5 g6 4.d3 Bg7 5.Nc3 e3 6.Bxe3 e5 7.d4 exd4 8.Bxd4 Bxd4
9.Qxd4 Qf6 10.Qd2 Qe7+ 11.Be2 Nf6 12.O-O-O O-O 13.Rhe1 Qc5 14.Nce4 Nxe4 15.Nxe4
Qe5 16.Bc4+ Kh8 17.Ng5 Qg7 18.Re4 d5 19.Bxd5 Nc6 20.Nxh7 Rf5 21.Ng5

[Event "aut_chT04"]
[Site "Fuerstenfeld"]
[Date "2004.11.20"]
[Round "2"]
[Board "6"]
[White "Ljubic, Juro"]
[Black "Pfaffel, Thomas"]
[Result "1-0"]
[WhiteElo "2178"]
[BlackElo "2132"]
[PlyCount "88"]

1.e4 c5 2.Nf3 d6 3.d4 cxd4 4.Nxd4 Nf6 5.Nc3 a6 6.Be3 e5 7.Nb3 Be7 8.Be2 Be6
9.O-O Nbd7 10.f3 O-O 11.a4 Nc5 12.Nxc5 dxc5 13.Qe1 Qc7 14.Qf2 Rfd8 15.Rfd1 Rd4
16.Bf1 Rad8 17.Kh1 Rxd1 18.Rxd1 Rxd1 19.Nxd1 Qa5 20.b3 c4 21.bxc4 Bd7 22.Bb6
Qxa4 23.Nc3 Qa1 24.Nd5 Ba3 25.Kg1 Qb1 26.Be3 Be6 27.Qd2 h5 28.Qc3 Bc1 29.Bf2 Qb2
30.Qb3 Nd7 31.g3 f6 32.Kg2 Kf7 33.Qd3 Qa3 34.Qd1 f5 35.h3 Nf6 36.Nxf6 Kxf6 37.f4
fxe4 38.fxe5+ Kg6 39.Be2 Be3 40.Bxh5+ Kh6 41.Be8 g6 42.Qd6 Bxh3+ 43.Kxh3 Qxd6
44.Bxe3+ Kh7

[Event "aut_chT04"]
[Site "Fuerstenfeld"]
[Date "2004.11.20"]
[Round "2"]
[Board "4"]
[White "Mahdy, Khaled"]
[Black "Tabernig, Bernhard"]
[Result "1/2-1/2"]
[WhiteElo "2383"]
[BlackElo "2344"]
[PlyCount "56"]

1.e4 c5 2.Nf3 e6 3.d4 cxd4 4.Nxd4 Qb6 5.Nb3 Qc7 6.Bd3 a6 7.O-O Nf6 8.f4 d6 9.Qe2
Nbd7 10.N1d2 Be7 11.Nf3 e5 12.a4 O-O 13.a5 b5 14.axb6 Qxb6+ 15.Kh1 a5 16.Ra4 Bb7
17.Be3 Qc7 18.fxe5 dxe5 19.Bd2 Nc5 20.Nxc5 Bxc5 21.Bc3 Nd7 22.Bb5 Bd6 23.Bxd7
Qxd7 24.Rfa1 Qg4 25.h3 Qf4 26.Bd2 Qg3 27.Be1 Qf4 28.Bd2 Qg3

[Event "aut_chT04"]
[Site "Fuerstenfeld"]
[Date "2004.11.20"]
[Round "2"]
[Board "5"]
[White "Kroell, Johannes"]
[Black "Kilgus, Georg"]
[Result "0-1"]
[WhiteElo "2234"]
[BlackElo "2353"]
[PlyCount "65"]

1.Nc3 c5 2.g4 Nc6 3.Bg2 d6 4.e4 g6 5.f4 Bg7 6.d3 Rb8 7.Nh3 h5 8.g5 Bg4 9.Ne2 Nd4
10.Nhg1 b5 11.h3 Bd7 12.c3 Nxe2 13.Nxe2 b4 14.O-O e6 15.f5 bxc3 16.bxc3 exf5
17.exf5 gxf5 18.Qe1 Ne7 19.Ng3 Qa5 20.Bd2 Rb2 21.Rb1 Rxb1 22.Qxb1 Be5 23.Ne2 Ng6
24.Be1 Qb5 25.Qc2 O-O 26.d4 cxd4 27.Nxd4 Qc5 28.Bf2 Rc8 29.Nxf5 Bxf5 30.Qxf5
Bh2+ 31.Kxh2 Qxf5 32.Bg3 Qc5 33.Bf2

[Event "aut_chT04"]
[Site "Fuerstenfeld"]
[Date "2004.11.20"]
[Round "2"]
[Board "6"]
[White "Wallner, Alfred"]
[Black "Schiestl, Josef"]
[Result "1/2-1/2"]
[WhiteElo "2232"]
[BlackElo "2139"]
[PlyCount "50"]

1.e4 c5 2.Nf3 Nc6 3.d4 cxd4 4.Nxd4 e5 5.Nb5 d6 6.N1c3 a6 7.Na3 b5 8.Nd5 Nf6
9.Nxf6+ Qxf6 10.c4 b4 11.Nc2 Bb7 12.Bd3 Be7 13.O-O O-O 14.Ne3 Nd4 15.Nd5 Bxd5
16.cxd5 Bd8 17.f4 Bb6 18.Kh1 Qe7 19.fxe5 dxe5 20.Qe1 a5 21.Be3 Rac8 22.Rc1 Rfd8
23.Qg3 f6 24.Rc4 Qf7 25.b3 Qg6

[Event "aut_chT04"]
[Site "Fuerstenfeld"]
[Date "2004.11.20"]
[Round "2"]
[Board "1"]
[White "Gyimesi, Zoltan"]
[Black "Gustafsson, Jan"]
[Result "1/2-1/2"]
[WhiteElo "2602"]
[BlackElo "2616"]
[PlyCount "41"]

1.d4 Nf6 2.c4 e6 3.Nf3 d5 4.Nc3 dxc4 5.e4 Bb4 6.Bg5 c5 7.Bxc4 cxd4 8.Nxd4 Bxc3+
9.bxc3 Qa5 10.Nb5 Nxe4 11.Bf4 O-O 12.O-O Bd7 13.a4 Bc6 14.Bc7 b6 15.Qd4 Nd7
16.f3 Nec5 17.Bd6 Rfd8 18.Nc7 Rab8 19.Nb5 Ra8 20.Nc7 Rab8 21.Nb5

[Event "aut_chT04"]
[Site "Fuerstenfeld"]
[Date "2004.11.20"]
[Round "2"]
[Board "4"]
[White "Bezold, Michael"]
[Black "Stanec, Nikolaus"]
[Result "1/2-1/2"]
[WhiteElo "2532"]
[BlackElo "2566"]
[PlyCount "36"]

1.g3 Nf6 2.Bg2 d5 3.Nf3 c6 4.b3 Bg4 5.Bb2 Nbd7 6.d3 e6 7.O-O Bc5 8.Qe1 O-O 9.e4
dxe4 10.dxe4 Bxf3 11.Bxf3 e5 12.Nd2 Re8 13.Nc4 Qc7 14.b4 Bf8 15.a4 b5 16.axb5
cxb5 17.Ne3 Nb6 18.Ra5 a6

[Event "aut_chT04"]
[Site "Fuerstenfeld"]
[Date "2004.11.20"]
[Round "2"]
[Board "6"]
[White "Grabher, Heinz"]
[Black "Knoll, Hermann"]
[Result "0-1"]
[WhiteElo "2271"]
[BlackElo "2356"]
[PlyCount "74"]

1.e4 e5 2.Nf3 Nc6 3.Nc3 Nf6 4.d4 exd4 5.Nxd4 Bb4 6.Nxc6 bxc6 7.Bd3 d5 8.exd5
cxd5 9.O-O O-O 10.Bg5 c6 11.Qf3 h6 12.Bxf6 Qxf6 13.Qxf6 gxf6 14.Ne2 Re8 15.Ng3
Bc5 16.Rae1 Re5 17.Kh1 Kf8 18.f4 Rxe1 19.Rxe1 Rb8 20.b3 Bb4 21.Rf1 Bd7 22.Nf5 h5
23.g3 c5 24.Kg2 Re8 25.c4 d4 26.Nd6 Re3 27.Rd1 Bc6+ 28.Kf2 Bf3 29.Bc2 Bg4 30.Rc1
Re2+ 31.Kf1 Rxh2 32.Be4 Rxa2 33.Rc2 Ra1+ 34.Kf2 Bd1 35.Rb2 Bc3 36.Rb1 Rxb1
37.Bxb1 Bxb3

[Event "aut_chT04"]
[Site "Fuerstenfeld"]
[Date "2004.11.21"]
[Round "3"]
[Board "1"]
[White "Gustafsson, Jan"]
[Black "Pinter, Jozsef"]
[Result "1/2-1/2"]
[WhiteElo "2616"]
[BlackElo "2535"]
[PlyCount "33"]

1.d4 Nf6 2.c4 e6 3.Nc3 Bb4 4.Qc2 O-O 5.a3 Bxc3+ 6.Qxc3 h6 7.g3 d6 8.Bg2 Nbd7
9.b4 a5 10.b5 Re8 11.Nf3 Ra7 12.O-O b6 13.a4 Bb7 14.Ba3 Qa8 15.Rfd1 Rd8 16.Bh3
Ne4 17.Qc2

[Event "aut_chT04"]
[Site "Fuerstenfeld"]
[Date "2004.11.21"]
[Round "3"]
[Board "6"]
[White "Wach, Markus"]
[Black "Grabher, Heinz"]
[Result "1-0"]
[WhiteElo "2369"]
[BlackElo "2271"]
[PlyCount "181"]

1.e4 c5 2.Nf3 e6 3.d4 cxd4 4.Nxd4 Nf6 5.Nc3 Nc6 6.Ndb5 Bb4 7.a3 Bxc3+ 8.Nxc3 d5
9.exd5 exd5 10.Bd3 O-O 11.O-O d4 12.Ne2 Bg4 13.f3 Bh5 14.Nf4 Bg6 15.Nxg6 fxg6
16.Bg5 Rc8 17.Re1 Qd6 18.Qd2 Nd5 19.Re4 a6 20.Rae1 b5 21.Qf2 Nf6 22.Re6 Qd5
23.Bxf6 Rxf6 24.Re8+ Rf8 25.Be4 Qd7 26.Rxf8+ Kxf8 27.Rd1 Qc7 28.Qh4 Qe5 29.Qxh7
Ne7 30.Qh4 Kf7 31.Qg3 Qxg3 32.hxg3 Nc6 33.Kf2 a5 34.f4 g5 35.Kf3 b4 36.a4 Rc7
37.Kg4 Kf6 38.b3 Rc8 39.Rd2 Rc7 40.Rd1 Rc8 41.Rh1 Ne7 42.Rh5 Rc5 43.fxg5+ Ke6
44.Rh8 Nd5 45.Re8+ Kf7 46.Rd8 Ne3+ 47.Kf4 Nxc2 48.Rd7+ Kf8 49.g6 Na1 50.Rf7+ Ke8
51.Rxg7 Nxb3 52.Bf5 d3 53.Bxd3 Nd4 54.Rb7 Ne6+ 55.Ke4 Ng5+ 56.Ke3 Kf8 57.g4 Ne6
58.Bf5 Rc3+ 59.Kd2 Rc7 60.Rb5 Nd4 61.Rd5 Nb3+ 62.Ke3 Nc5 63.Kf4 Kg7 64.Kg5 Nxa4
65.Rxa5 Nc5 66.Ra1 Nd7 67.Rd1 Nf6 68.Rd6 Ng8 69.Rb6 Ne7 70.Rxb4 Nd5 71.Rb8 Nf6
72.Rb1 Ra7 73.Rd1 Rc7 74.Rd4 Ra7 75.Kf4 Rc7 76.Kg5 Ra7 77.Rd1 Rc7 78.Rh1 Rc4
79.Kh4 Rc7 80.Kg3 Rc3+ 81.Kf4 Ra3 82.g5 Ra4+ 83.Kf3 Ra3+ 84.Ke2 Nd5 85.Rh7+ Kf8
86.Kf2 Ra4 87.g3 Ra6 88.Rf7+ Ke8 89.Bd7+ Kd8 90.g7 Rg6 91.Bf5

[Event "aut_chT04"]
[Site "Fuerstenfeld"]
[Date "2004.11.21"]
[Round "3"]
[Board "1"]
[White "Rotstein, Arkadij"]
[Black "Gyimesi, Zoltan"]
[Result "1/2-1/2"]
[WhiteElo "2528"]
[BlackElo "2602"]
[PlyCount "55"]

1.c4 Nf6 2.Nf3 e6 3.g3 d5 4.Bg2 dxc4 5.Qa4+ c6 6.Qxc4 b5 7.Qc2 Bb7 8.a4 a6
9.axb5 cxb5 10.O-O Be7 11.d4 O-O 12.Bg5 Nc6 13.e3 Rc8 14.Qe2 Nb4 15.Nc3 h6
16.Bxf6 Bxf6 17.Rfd1 Qb6 18.Ne1 Rfd8 19.Bxb7 Qxb7 20.Nd3 Be7 21.Ne5 Bd6 22.Qf3
Rc7 23.Qxb7 Rxb7 24.Nd3 Nxd3 25.Rxd3 Rb6 26.Ne4 Rc8 27.Nxd6 Rxd6 28.Rda3

[Event "aut_chT04"]
[Site "Fuerstenfeld"]
[Date "2004.11.21"]
[Round "3"]
[Board "3"]
[White "Balinov, Ilia"]
[Black "Babula, Vlastimil"]
[Result "0-1"]
[WhiteElo "2372"]
[BlackElo "2566"]
[PlyCount "60"]

1.e4 c5 2.Nf3 d6 3.d4 cxd4 4.Nxd4 Nf6 5.Nc3 a6 6.Bg5 e6 7.f4 Nbd7 8.Qf3 Qc7
9.O-O-O Be7 10.Bd3 b5 11.Rhe1 Bb7 12.a3 Qb6 13.Nb3 Rc8 14.Qh3 Rxc3 15.bxc3 Qc7
16.Kd2 e5 17.Re3 O-O 18.Ke2 Re8 19.Kf1 Nf8 20.f5 N8d7 21.Bh4 d5 22.g4 dxe4
23.Be2 Nb6 24.g5 Nfd5 25.f6 Nxe3+ 26.Qxe3 Bf8 27.Re1 Nd5 28.Qxe4 Nxf6 29.Qe3 Nd5
30.Qf2 Nxc3

[Event "aut_chT04"]
[Site "Fuerstenfeld"]
[Date "2004.11.21"]
[Round "3"]
[Board "4"]
[White "Stanec, Nikolaus"]
[Black "Mahdy, Khaled"]
[Result "1/2-1/2"]
[WhiteElo "2566"]
[BlackElo "2383"]
[PlyCount "98"]

1.d4 Nf6 2.Nf3 c5 3.e3 e6 4.a3 d5 5.Nbd2 Nc6 6.dxc5 Bxc5 7.b4 Be7 8.Bb2 O-O
9.Bd3 Re8 10.O-O a5 11.b5 Nb8 12.c4 Nbd7 13.Rc1 Bd6 14.Bb1 Qe7 15.a4 Ba3 16.Bxa3
Qxa3 17.cxd5 exd5 18.Rc7 h6 19.Nd4 Qd6 20.Rc3 Nb6 21.Qb3 Qb4 22.Bc2 Nxa4 23.Qxb4
axb4 24.Rb3 Nc3 25.Rxb4 Ra2 26.Nb1 Ne2+ 27.Nxe2 Rxc2 28.Nd4 Rc5 29.Nd2 Bd7
30.Ra1 Rec8 31.f3 Ne8 32.Kf2 Nd6 33.b6 Kf8 34.Rbb1 Ke7 35.N2b3 Rc3 36.Ra7 Rb8
37.Ne2 Rc2 38.Nbd4 Rc5 39.Nf4 Nf5 40.Nd3 Rcc8 41.Ra5 Nxd4 42.exd4 Kd6 43.Nc5 Bc6
44.Ra7 Re8 45.Re1 Rxe1 46.Kxe1 Be8 47.Nxb7+ Kc6 48.Nc5 Kxb6 49.Re7 Kc6

[Event "aut_chT04"]
[Site "Fuerstenfeld"]
[Date "2004.11.21"]
[Round "3"]
[Board "5"]
[White "Kilgus, Georg"]
[Black "Weiss, Christian"]
[Result "0-1"]
[WhiteElo "2353"]
[BlackElo "2422"]
[PlyCount "64"]

1.d4 c5 2.d5 Nf6 3.c4 d6 4.Nc3 g6 5.e4 Bg7 6.h3 O-O 7.Nf3 e5 8.Be2 Nh5 9.g3 Na6
10.Bg5 Bf6 11.Bh6 Ng7 12.h4 Nc7 13.h5 a6 14.a4 Bg4 15.hxg6 fxg6 16.Nh2 Bd7
17.Bg4 Rf7 18.Kf1 Bg5 19.Bxg5 Qxg5 20.Bxd7 Rxd7 21.Qg4 Qe7 22.Kg2 Rf8 23.f4 exf4
24.gxf4 Nh5 25.Raf1 Qg7 26.e5 Rdf7 27.exd6 Nxf4+ 28.Kg3 Ne8 29.Ne4 Qe5 30.d7 Ng7
31.d8=Q Rxd8 32.Ng5 Nf5+

[Event "aut_chT04"]
[Site "Fuerstenfeld"]
[Date "2004.11.21"]
[Round "3"]
[Board "1"]
[White "Shchekachev, Andrei"]
[Black "Sermek, Drazen"]
[Result "1-0"]
[WhiteElo "2559"]
[BlackElo "2554"]
[PlyCount "47"]

1.c4 c5 2.Nf3 g6 3.e4 Bg7 4.d4 Qa5+ 5.Nc3 d6 6.d5 Bxc3+ 7.bxc3 Nf6 8.Qc2 Nxe4
9.Bd3 Nf6 10.O-O O-O 11.Bg5 Kg7 12.Rae1 Qd8 13.Nh4 Ng8 14.f4 b5 15.f5 f6 16.fxg6
fxg5 17.Rxf8 Qxf8 18.gxh7 gxh4 19.hxg8=Q+ Kxg8 20.Bh7+ Kh8 21.Qg6 Nd7 22.Rxe7
Ne5 23.Qg5 Ng4 24.Bd3

[Event "aut_chT04"]
[Site "Fuerstenfeld"]
[Date "2004.11.21"]
[Round "3"]
[Board "2"]
[White "Lanka, Zigurds"]
[Black "Hertneck, Gerald"]
[Result "1-0"]
[WhiteElo "2455"]
[BlackElo "2547"]
[PlyCount "123"]

1.e4 e6 2.d4 d5 3.Nc3 Bb4 4.e5 c5 5.a3 Bxc3+ 6.bxc3 Ne7 7.Nf3 Qc7 8.h4 b6 9.h5
h6 10.Bb5+ Bd7 11.Bd3 Ba4 12.O-O Nd7 13.Re1 O-O-O 14.Nh2 Kb7 15.Nf1 Ka8 16.Ne3
g6 17.g3 gxh5 18.Ng2 Ng6 19.Qxh5 cxd4 20.cxd4 Bxc2 21.Bf1 Ba4 22.Bd2 Nb8 23.Bb4
Qd7 24.Rec1 Rc8 25.Ne3 Nc6 26.Bc3 Rc7 27.Bb2 b5 28.f4 Rg8 29.Kh2 Na5 30.f5 Nf8
31.fxe6 fxe6 32.Rxc7 Qxc7 33.Qe8+ Kb7 34.Bh3 Qg7 35.Rg1 Nc6 36.Bxe6 Nxe6 37.Qxe6
Bb3 38.Bc3 a5 39.Nf5 Qg6 40.Qxg6 Rxg6 41.Nd6+ Ka6 42.Rb1 Bc4 43.Nxc4 dxc4 44.d5
b4 45.axb4 axb4 46.Ba1 c3 47.dxc6 Ka5 48.Re1 Rxc6 49.e6 Rc8 50.e7 Re8 51.Kh3 Ka4
52.Kg4 Kb3 53.Kf5 Kc2 54.Kf6 b3 55.Kf7 Rxe7+ 56.Rxe7 b2 57.Bxb2 cxb2 58.Rc7+ Kd2
59.Rb7 Kc1 60.Kg6 b1=Q+ 61.Rxb1+ Kxb1 62.Kxh6

[Event "aut_chT04"]
[Site "Fuerstenfeld"]
[Date "2004.11.21"]
[Round "3"]
[Board "3"]
[White "Zelcic, Robert"]
[Black "Gross, David"]
[Result "1/2-1/2"]
[WhiteElo "2514"]
[BlackElo "2465"]
[PlyCount "83"]

1.e4 c5 2.Nf3 e6 3.d4 cxd4 4.Nxd4 Nf6 5.Nc3 d6 6.Be2 Be7 7.O-O Nc6 8.Kh1 O-O
9.f4 Nxd4 10.Qxd4 b6 11.b3 Bb7 12.Bb2 Qc7 13.Qe3 Nd7 14.Bc4 Bf6 15.Rad1 a6 16.a4
Rad8 17.Rde1 d5 18.exd5 exd5 19.Bd3 Rc8 20.Nd1 Bxb2 21.Nxb2 Nc5 22.Bf5 Rcd8
23.Nd3 g6 24.Nxc5 bxc5 25.Bg4 d4 26.Qe7 Qxe7 27.Rxe7 Bc8 28.h3 Bxg4 29.hxg4 Rfe8
30.Rc7 d3 31.cxd3 Rxd3 32.Rf3 Ree3 33.Rxe3 Rxe3 34.Rxc5 Rxb3 35.Ra5 Rg3 36.Kh2
Rxg4 37.g3 h5 38.Kh3 Kg7 39.Rxa6 g5 40.fxg5 Rxg5 41.Rc6 Rg4 42.a5

[Event "aut_chT04"]
[Site "Fuerstenfeld"]
[Date "2004.11.21"]
[Round "3"]
[Board "5"]
[White "Danner, Georg"]
[Black "Kroell, Johannes"]
[Result "1-0"]
[WhiteElo "2435"]
[BlackElo "2234"]
[PlyCount "97"]

1.d4 b5 2.Bg5 h6 3.Bh4 g5 4.Bg3 Bg7 5.h4 c5 6.e3 cxd4 7.exd4 Qb6 8.c3 Bb7 9.hxg5
hxg5 10.Rxh8 Bxh8 11.Qh5 Qh6 12.Qxh6 Nxh6 13.Bxb5 Bxg2 14.f3 g4 15.Bf4 Bg7
16.Nd2 gxf3 17.Ngxf3 Ng4 18.Ke2 Bxf3+ 19.Nxf3 f5 20.Rh1 Nc6 21.Rh5 e6 22.Ba6 Nf6
23.Rh2 Nd5 24.Bd6 Kf7 25.Bb7 Rh8 26.Rxh8 Bxh8 27.Kd3 Bf6 28.b4 Be7 29.Bxc6 Bxd6
30.Bxd7 Ke7 31.Bc6 Nf4+ 32.Kc4 Ne2 33.a4 Kd8 34.Ng5 Kc7 35.Bf3 Nf4 36.Nf7 Be7
37.a5 Ng6 38.Kb5 Nh4 39.Be2 Bf6 40.Bc4 f4 41.Bxe6 f3 42.d5 f2 43.d6+ Kb7 44.Bh3
a6+ 45.Kc5 Bxc3 46.d7 Bf6 47.d8=Q Bxd8 48.Nxd8+ Ka8 49.Kb6

[Event "aut_chT04"]
[Site "Fuerstenfeld"]
[Date "2004.11.21"]
[Round "3"]
[Board "2"]
[White "Vogt, Lothar"]
[Black "Kosten, Anthony C."]
[Result "0-1"]
[WhiteElo "2483"]
[BlackElo "2527"]
[PlyCount "86"]

1.e4 e6 2.d4 d5 3.Nc3 Bb4 4.e5 c5 5.a3 Bxc3+ 6.bxc3 Ne7 7.Qg4 cxd4 8.cxd4 Qc7
9.Ra2 Nf5 10.Nf3 Nc6 11.Bd3 h5 12.Qg5 Ncxd4 13.Nxd4 Qc3+ 14.Bd2 Qxd4 15.O-O Qg4
16.Bxf5 Qxg5 17.Bxg5 exf5 18.Rb1 b6 19.a4 Ba6 20.a5 Bc4 21.Rab2 b5 22.Be3 Kd7
23.f3 Ke6 24.Bd4 f4 25.h4 Rhe8 26.Kf2 Kf5 27.c3 Re6 28.Ra1 a6 29.Re1 Rg8 30.Rd2
Rb8 31.Rb2 Rbe8 32.Rbb1 f6 33.exf6 Re2+ 34.Rxe2 Rxe2+ 35.Kg1 gxf6 36.Ra1 Rd2
37.Rb1 Ra2 38.Bb6 d4 39.cxd4 Ra4 40.Rc1 Bd5 41.Rc5 Ke6 42.Kf2 b4 43.Ke1 b3

[Event "aut_chT04"]
[Site "Fuerstenfeld"]
[Date "2004.11.21"]
[Round "3"]
[Board "3"]
[White "Freitag, Manfred"]
[Black "Sakelsek, Tadej"]
[Result "1/2-1/2"]
[WhiteElo "2396"]
[BlackElo "2401"]
[PlyCount "21"]

1.e4 c5 2.Nf3 Nc6 3.d4 cxd4 4.Nxd4 Qc7 5.Nc3 e6 6.Be3 a6 7.Qd2 Nf6 8.f3 b5
9.O-O-O Bb7 10.Kb1 Rc8 11.Nde2

[Event "aut_chT04"]
[Site "Fuerstenfeld"]
[Date "2004.11.21"]
[Round "3"]
[Board "4"]
[White "Kotz, Heinz Peter"]
[Black "Karner, Christoph"]
[Result "0-1"]
[WhiteElo "2347"]
[BlackElo "2370"]
[PlyCount "52"]

1.e4 c5 2.Nf3 d6 3.d4 cxd4 4.Nxd4 Nf6 5.Nc3 a6 6.Bc4 e6 7.Bb3 b5 8.Bg5 Be7 9.Qf3
Qb6 10.O-O-O Nbd7 11.Be3 Nc5 12.Qg3 Qc7 13.f3 Bb7 14.Qxg7 Rg8 15.Qh6 Rc8 16.Rd2
b4 17.Na4 Rg6 18.Qh3 Qa5 19.Kb1 Nxa4 20.Nxe6 fxe6 21.Qxe6 Nc5 22.Qf7+ Kd8
23.Rhd1 Nfd7 24.Bc4 Ne5 25.Rxd6+ Bxd6 26.Rxd6+ Ncd7

[Event "aut_chT04"]
[Site "Fuerstenfeld"]
[Date "2004.11.21"]
[Round "3"]
[Board "5"]
[White "Watzka, Horst"]
[Black "Fahrner, Kurt"]
[Result "1/2-1/2"]
[WhiteElo "2323"]
[BlackElo "2339"]
[PlyCount "31"]

1.e4 e5 2.Nf3 Nc6 3.Nc3 Nf6 4.Bb5 Bb4 5.O-O O-O 6.d3 d6 7.h3 Ne7 8.Ne2 c6 9.Ba4
Ng6 10.c3 Ba5 11.Ng3 Bc7 12.Bb3 d5 13.Re1 h6 14.Be3 Be6 15.Nh2 d4 16.Bd2

[Event "aut_chT04"]
[Site "Fuerstenfeld"]
[Date "2004.11.21"]
[Round "3"]
[Board "6"]
[White "Kastner, Walter"]
[Black "Singer, Richard"]
[Result "1/2-1/2"]
[WhiteElo "2240"]
[BlackElo "2280"]
[PlyCount "97"]

1.Nf3 d6 2.d4 Bg4 3.e4 c6 4.c3 Nf6 5.Qb3 Qb6 6.Nbd2 Nbd7 7.Bd3 e5 8.Nc4 Qxb3
9.axb3 Bxf3 10.gxf3 exd4 11.Bf4 dxc3 12.bxc3 d5 13.Nd6+ Bxd6 14.Bxd6 dxe4
15.fxe4 g6 16.Ke2 a6 17.b4 O-O-O 18.c4 Rhe8 19.f3 Ne5 20.Bxe5 Rxe5 21.Rhc1 Kb8
22.Rcb1 Rh5 23.Rh1 Rh3 24.Rag1 Nd7 25.Rg3 Rxg3 26.hxg3 Ne5 27.Bb1 Nxc4 28.Rxh7
Rd2+ 29.Ke1 Rb2 30.Bd3 Ne5 31.Be2 c5 32.bxc5 a5 33.f4 Nc6 34.Rxf7 a4 35.Bc4 a3
36.e5 Rc2 37.Rf8+ Ka7 38.Bg8 Na5 39.Rd8 a2 40.Bxa2 Rxa2 41.Rd6 Nc6 42.Rxg6 Rc2
43.e6 Rxc5 44.g4 b5 45.e7 Nxe7 46.Rg7 Kb6 47.Rxe7 Rc4 48.Re6+ Ka5 49.Re2

[Event "aut_chT04"]
[Site "Fuerstenfeld"]
[Date "2004.11.21"]
[Round "3"]
[Board "2"]
[White "Prusikin, Michael"]
[Black "Stohl, Igor"]
[Result "1/2-1/2"]
[WhiteElo "2540"]
[BlackElo "2554"]
[PlyCount "53"]

1.Nf3 Nf6 2.c4 b6 3.g3 Bb7 4.Bg2 e6 5.O-O Be7 6.d4 O-O 7.Nc3 Ne4 8.Qc2 Nxc3
9.Qxc3 c5 10.Rd1 d6 11.b3 Bf6 12.Bb2 Qe7 13.Rd2 Na6 14.Rad1 d5 15.Ba3 Rac8
16.Qc1 Rfd8 17.cxd5 Bxd5 18.dxc5 Nxc5 19.Ne1 Qe8 20.Bxd5 Rxd5 21.Rxd5 exd5
22.Bxc5 bxc5 23.e3 c4 24.Qc2 d4 25.exd4 Bxd4 26.Ra1 Bf6 27.Qd1